000 00565nam a2200169 4500
999 _c4558
_d4558
008 160916b xxu||||| |||| 00| 0 eng d
022 _a2094-8042
082 _aDPer 370.105 M72 Jan-Dec 2012 v. 60-61
100 _914663
_aBorromeo, George B.
243 _aThe modern teacher
245 _aMathematics subject versus a mathematics teacher/
_cGeorge B. Borromeo.
260 _aPhilippines:
_bIn the Grade School, Inc.,
_c©2012.
300 _av61 n4, page 148;
_c28 cm.
500 _aThe Modern Teacher.
650 0 _914664
_aMathematics
942 _2ddc
_cPER